000 03781cam a22004935i 4500
001 data
005 20260322212108.0
006 data
007 data
008 data
035 _a21820734
906 _a0
_bibc
_corigres
_du
_encip
_f20
_gy-gencatlg
925 0 _aacquire
_epcnspringer
_xpolicy default
010 _a 2019766441
020 _a9783642396632
024 7 _a10.1007/978-3-642-39663-2
_2doi
035 _a(DE-He213)978-3-642-39663-2
040 _aDLC
_beng
_erda
_erda
_cDLC
072 7 _aJPVH
_2bicssc
072 7 _aJPVH
_2thema
072 7 _aLAW051000
_2bisacsh
082 0 4 _a341.48
_223
097 0 0 _aK3236-3268.5
100 1 _aSun, Pinghua,
_eauthor.
245 1 0 _aHuman Rights Protection System in China /
_cby Pinghua Sun.
250 _a1st ed. 2014.
264 1 _aBerlin, Heidelberg :
_bImprint: Springer,
_bImprint: Springer,
_c2014.
300 _a1 online resource (XXII, 366 pages 2 illustrations)
336 _atext
_btxt
_2rdacontent
337 _acomputer
_bc
_2rdamedia
338 _aonline resource
_bcr
_2rdacarrier
347 _atext file
_bPDF
_2rda
505 0 _aAcknowledgements -- Abstract -- Preface -- Abbreviations -- Chapter I Confucian Philosophy and Its Historical Contributions to Human Rights -- Chapter II The Dynamics of Human Rights Protection in China -- Chapter III The First White Paper-Human Rights in China -- Chapter IV "The State Respects and Guarantees Human Rights" Included in the Constitution -- Chapter V National Human Rights Action Plan as a Milestone -- Chapter VI Fundamental Principles for Achieving International Human-Rights Standards in China -- Chapter VII Specific Measures to Improve Human Rights Protection Standards in China -- Chapter VIII Foundations of Human Rights Guarantee in Contemporary China -- Chapter IX Human Rights, Culture and Their Reconstruction in the Chinese Context -- Chapter X Several Issues on the Formation of a Socialist Legal System with Chinese Characteristics -- Chapter XI Judicial Protection of Human Rights in China -- Appendices -- References -- Index.
520 _aIn recent years, more and more scholars in the world have become interested in human rights issues in China. This book hopes to serve as a window through which its readers will gain a better view of the theory and practice of human rights protection in the Chinese context. The book systematically introduces the dynamic development and progress of human rights protection in China, attaching great importance to the first white paper on Human Rights in China; the statement "The state respects and guarantees human rights" included in the Constitution; and the National Human Rights Action Plan of China, then putting forth fundamental principles to achieve international human rights standards and specific measures to improve human rights protection standards in China. Further, the book discusses "Foundations of Human Rights Guarantees in Contemporary China," "Human Rights, Culture and Their Reconstruction in the Chinese Context" and "Socialist Legal System with Chinese Characteristics." The final chapter is dedicated to the topic of "Judicial Protection System of Human Rights in China." In appendices, four important documents on human rights in China.
588 _aDescription based on publisher-supplied MARC data.
650 0 _aHuman rights.
650 1 4 _aHuman Rights.
_0https://scigraph.springernature.com/ontologies/product-market-codes/R19020
776 0 8 _iPrint version:
_tHuman rights protection system in China.
_z9783642396625
_w(DLC) 2013945142
776 0 8 _iPrinted edition:
_z9783642396625
776 0 8 _iPrinted edition:
_z9783642396649
776 0 8 _iPrinted edition:
_z9783662523940
985 _aspringerpcn
_ebatch7
991 _as-Online
_hElectronic Resource
999 _c1604
_d1604